| 000 -LEADER |
| fixed length control field |
00345nam a22001337a 4500 |
| 008 - FIXED-LENGTH DATA ELEMENTS--GENERAL INFORMATION |
| fixed length control field |
231204b 2007 ||||| |||| 00| 0 eng d |
| 020 ## - INTERNATIONAL STANDARD BOOK NUMBER |
| International Standard Book Number |
1870077830 |
| 100 ## - MAIN ENTRY--PERSONAL NAME |
| Personal name |
Kuo, Chengi |
| 245 ## - TITLE STATEMENT |
| Title |
Safety management and its maritime application |
| 250 ## - EDITION STATEMENT |
| Edition statement |
2007 |
| 260 ## - PUBLICATION, DISTRIBUTION, ETC. (IMPRINT) |
| Place of publication, distribution, etc |
London |
| Name of publisher, distributor, etc |
The Nautical Institute |
| Date of publication, distribution, etc |
2007 |
| 300 ## - PHYSICAL DESCRIPTION |
| Extent |
288p. |
| 942 ## - ADDED ENTRY ELEMENTS (KOHA) |
| Item type |
Gratis Books |